| 000 | 00342nab a22001097u 4500 | ||
|---|---|---|---|
| 008 | 130520b2005 xxu||||| |||| 00| 0 eng d | ||
| 041 | _aeng | ||
| 100 | 1 |
_aRowland, Christopher _947739 |
|
| 245 | 0 | 0 |
_aImagining the Apocalipse _cChristopher Rowland |
| 773 | 0 |
_tNew Testament Studies _gV.51, nº3,2005,págs. 303-327 _x286885 _wRev299 |
|
| 942 | _cAR | ||
| 999 |
_c300735 _d300735 |
||